000 00644nam a2200217Ia 4500
005 20241129104253.0
008 241129s9999||||xx |||||||||||||| ||und||
020 _a9781503636903
037 _aTextual
040 _aRTL
_beng
_cRTL
041 _aeng
_2eng
084 _aY15:3(S5).211 R3
_qRTL
100 _aGuerin Isabelle
_9725536
245 0 _aIndebted woman: Kinship sexuality & Capitalism
_cGuerin Isabelle
260 _aCalifornia
_bStandford University Press
_c2023
300 _axvi,232p..
365 _aINR
_bRs.2087.25
650 _aSociology
942 _cTB
_hY15:3(S5).211 R3
999 _c1225159
_d1225159